01078nam a2200241Ia 4500001000900000003001000009008004100019040002500060041001300085100004000098245003200138250001100170260006700181300001200248500011100260501011400371520011100485650002900596942000700625957000600632999004000638952015800678L099-539IT-CnALBA170116s9999||||xx |||||||||||||| ||und|| aIT-CnALBAcIT-CnALBA aITALIANO aSIRI GIUSEPPE, CARDINALE DI GENOVA. 0aESAME DI COSCIENZA PRATICO  a1a ed. aCINISELLO BALSAMO (MI)bEDIZIONI PAOLINEc1964 [1° Ed.: n.d.] a124 p.  aESAME DI COSCIENZA SUI COMANDAMENTI E ALTRE VERITÀ DELLA FEDE. SCHEMI PRATICI PER L'ESAME DI COSCIENZA.  aSocietà San Paolo EM - Piazza San Paolo, 14 - 12051 ALBA (CN) (non commercial uses only) ® Copyright 2017 aESAME DI COSCIENZA SUI COMANDAMENTI E ALTRE VERITÀ DELLA FEDE. SCHEMI PRATICI PER L'ESAME DI COSCIENZA.  aLIBRI DI PICCOLO FORMATO cBK 71 a638bNOg Copie: 1 c259775d259775 0010406L_09953971aALBAbALBAd2017-01-16l0oL099-539r2017-01-16 00:00:00w2017-01-16yBKz(data import: 16 gennaio 2017) - By Epidotti, Vaglietti.